000 00324nam a22001337a 4500
008 180309b xxu||||| |||| 00| 0 eng d
020 _a9780517884492
041 _aeng
080 _a316
100 _a50
101 _aSOC
245 _aCourtship, Love and Marriage on the American Frontier
_cLuchetti, C
942 _2udc
_cBK
999 _c44521
_d44521